000
00335nam a2200145Ia 4500
100
_a
Pearson D.W. & others
942
_c
RB
654
_a
Computer
245
_a
Artifical Neural Nets & Genetic Algorithms
260
_b
Springer-Verlag
_a
New york
_c
1995
082
_a
4.8
_b
PEA
300
_a
528
546
_a
ENGLISH
999
_c
31526
_d
31526